Preventívne ošetrenie etnografických zbierkových predmetov

Bibliographic Details
Main Author: Hrabovský, Ivan, 1940-2006 (Author)
Format: Article
Language:Slovak
ISBN:8085753103
Subjects:

MARC

LEADER 00000nab a2200000 a 4500
001 vtls000504369
003 SK-MaSNL
005 20260304031524.0
008 120927c1993 xo 0 slo
015 |a SNBRA19rr/mm-uuuuu 
035 |a CL0504507 
040 |a SNKBUCL  |b slo  |c SNKBUCL  |e AACR2 
041 0 |a slo 
044 |a xo  |c SK 
080 |a 069.44:39  |2 1981 
080 |a 39  |2 1981 
100 1 |a Hrabovský, Ivan,  |d 1940-2006  |4 aut  |9 9894 
245 1 0 |a Preventívne ošetrenie etnografických zbierkových predmetov  |c Ivan Hrabovský 
650 0 7 |a múzeá  |2 snkbucl  |9 4119 
650 0 7 |a etnografické zbierky  |2 snkbucl  |9 84942 
655 7 |a články zo zborníkov  |2 snkbucl  |9 166140 
773 0 |t Etnomuzeológia  |d Martin : Slovenské národné múzeum, 1993  |g S. 93-94  |z 8085753103 
850 |a Slovenská národná knižnica v Martine  |a MTA001 
852 |a SNK  |b KIS3GCP 
958 |a RK 
992 |a RZB 
999 |c 2638565  |d 2640495